[Event "ISR-chT"]
[Site "Israel"]
[Date "2023.01.18"]
[Round "4.2"]
[White "Psakhis, Lev"]
[Black "Tzidkiya, Yeshaayahu"]
[Result "0-1"]
[WhiteElo "2448"]
[BlackElo "2415"]
[PlyCount "76"]
[EventDate "2023.01.11"]
[EventType "team-tourn"]
[EventRounds "11"]
[EventCountry "ISR"]
[SourceTitle "CBM 212 Extra"]
[Source "ChessBase"]
[SourceDate "2023.03.31"]
[SourceVersion "1"]
[SourceVersionDate "2023.03.31"]
[SourceQuality "1"]
[WhiteTeam "Rehovot"]
[BlackTeam "Petah Tikva"]
[WhiteTeamCountry "ISR"]
[BlackTeamCountry "ISR"]

1. d4 Nf6 2. c4 g6 3. Nc3 Bg7 4. e4 d6 5. h3 0-0 6. Bg5 c5 7. d5 e6 8. Nf3 exd5 9. cxd5 h6 10. Be3 b5 11. e5 dxe5 12. Bxc5 e4 13. Nd2 b4 14. Bxb4 e3 15. Bxf8 exd2+ 16. Qxd2 Bxf8 17. Be2 Bb7 18. 0-0 Nbd7 19. Rad1 Rc8 20. d6 Rc5 21. Qd4 Rg5 22. g4 Re5 23. Qxa7 Qc8 24. Qa4 h5 25. Rd4 hxg4 26. hxg4 Nb6 27. Qd1 Qc6 28. f3 Nbd5 29. Nxd5 Nxd5 30. Bc4 Qxd6 31. f4 Rg5 32. Qf3 Qc5 33. fxg5 Qxd4+ 34. Rf2 f5 35. gxf5 Qxc4 36. fxg6 Qc1+ 37. Rf1 Qxg5+ 38. Kh1 Qh4+ 0-1

[Event "Titled Tuesday intern op 14th Jun Early"]
[Site "Chess.com INT"]
[Date "2022.06.14"]
[Round "1"]
[White "Dobrikov, Marco"]
[Black "Psakhis, Lev"]
[Result "1-0"]
[WhiteElo "2234"]
[BlackElo "2448"]
[PlyCount "67"]
[EventDate "2022.06.14"]
[EventType "swiss (blitz)"]
[EventRounds "11"]
[EventCountry "USA"]
[SourceTitle "EXT 2023"]
[Source "ChessBase"]
[SourceDate "2022.10.05"]
[SourceVersion "1"]
[SourceVersionDate "2022.10.05"]
[SourceQuality "1"]

1. e4 c5 2. Nf3 e6 3. d4 cxd4 4. Nxd4 a6 5. c4 Nf6 6. Bd3 Qc7 7. 0-0 d6 8. Nc3 Nbd7 9. f4 b6 10. Be3 Bb7 11. g4 h5 12. g5 Ng4 13. Qe2 Nxe3 14. Qxe3 0-0-0 15. h4 g6 16. Rac1 Kb8 17. Rfd1 Bg7 18. Bf1 Rhe8 19. Nf3 Qc5 20. Qxc5 Nxc5 21. Bd3 Bxc3 22. Rxc3 Nxd3 23. Rcxd3 Bxe4 24. Re3 Bxf3 25. Rxf3 Kc7 26. Kf2 Rd7 27. b3 Red8 28. Rc3 Kb7 29. Ke3 d5 30. cxd5 Rxd5 31. Rxd5 Rxd5 32. Ke4 Rc5 33. Rxc5 bxc5 34. Ke5 1-0

[Event "ISR-chT"]
[Site "Israel"]
[Date "2019.03.08"]
[Round "9.2"]
[White "Bykhovsky, Avigdor"]
[Black "Psakhis, Lev"]
[Result "0-1"]
[WhiteElo "2419"]
[BlackElo "2455"]
[PlyCount "82"]
[EventDate "2019.01.04"]
[EventType "team-tourn"]
[EventRounds "11"]
[EventCountry "ISR"]
[SourceTitle "CBM 189 Extra"]
[Source "ChessBase"]
[SourceDate "2019.05.31"]
[SourceVersion "1"]
[SourceVersionDate "2019.05.31"]
[SourceQuality "1"]
[WhiteTeam "Petah Tikva Elitzur Dov"]
[BlackTeam "Tsafrir Rehovot"]
[WhiteTeamCountry "ISR"]
[BlackTeamCountry "ISR"]

1. d4 Nf6 2. c4 e6 3. Nf3 c5 4. d5 d6 5. Nc3 exd5 6. cxd5 g6 7. Nd2 Nbd7 8. e4 Bg7 9. Be2 0-0 10. 0-0 Re8 11. a4 Ne5 12. h3 g5 13. Nf3 Nxf3+ 14. Bxf3 Nd7 15. Bh5 Ne5 16. f4 gxf4 17. Bxf4 Rf8 18. g4 a6 19. Qe2 Rb8 20. Kg2 Bd7 21. a5 b5 22. axb6 Rxb6 23. Ra2 Qe7 24. Rf2 Ng6 25. Bg3 Rfb8 26. Bxg6 hxg6 27. Qf3 Bd4 28. Re2 f6 29. Qf4 Kg7 30. Qd2 a5 31. Bf2 Rb4 32. Bxd4 Rxd4 33. Qe3 a4 34. Rd2 Qe5 35. Kf3 Rb3 36. Ra3 Rbb4 37. Rf2 g5 38. Rd2 Be8 39. Ra1 Bg6 40. Re1 a3 41. bxa3 Rb3 0-1

[Event "ISR-chT"]
[Site "Israel"]
[Date "2019.02.08"]
[Round "3.5"]
[White "Psakhis, Lev"]
[Black "Sidorenko, Ilya"]
[Result "1-0"]
[WhiteElo "2455"]
[BlackElo "2395"]
[PlyCount "63"]
[EventDate "2019.01.04"]
[EventType "team-tourn"]
[EventRounds "11"]
[EventCountry "ISR"]
[SourceTitle "CBM 188 Extra"]
[Source "ChessBase"]
[SourceDate "2019.02.28"]
[SourceVersion "1"]
[SourceVersionDate "2019.02.28"]
[SourceQuality "1"]
[WhiteTeam "Tsafrir Rehovot"]
[BlackTeam "Beer Sheva Yud Alef"]
[WhiteTeamCountry "ISR"]
[BlackTeamCountry "ISR"]

1. Nf3 Nf6 2. c4 g6 3. Nc3 Bg7 4. e4 d6 5. d4 0-0 6. Be2 e5 7. 0-0 Nbd7 8. d5 c6 9. Qc2 Qc7 10. Rd1 a5 11. Bg5 h6 12. Bd2 Nc5 13. Be3 cxd5 14. Nxd5 Nxd5 15. Bxc5 Qxc5 16. Rxd5 Qc7 17. Rad1 Be6 18. Rxd6 Rfc8 19. a4 Bf8 20. R6d2 Kh7 21. b3 g5 22. h3 Bc5 23. Nh2 Bb4 24. Rd3 b5 25. axb5 a4 26. Bg4 axb3 27. Qxb3 Qxc4 28. Bxe6 fxe6 29. Ng4 Qxb3 30. Rxb3 Bc3 31. b6 Rab8 32. Rc1 1-0

[Event "ISR-chT"]
[Site "Israel"]
[Date "2019.01.05"]
[Round "2.6"]
[White "Kudischewitsch, David"]
[Black "Psakhis, Lev"]
[Result "1/2-1/2"]
[WhiteElo "2348"]
[BlackElo "2455"]
[PlyCount "22"]
[EventDate "2019.01.04"]
[EventType "team-tourn"]
[EventRounds "11"]
[EventCountry "ISR"]
[SourceTitle "CBM 188 Extra"]
[Source "ChessBase"]
[SourceDate "2019.02.28"]
[SourceVersion "1"]
[SourceVersionDate "2019.02.28"]
[SourceQuality "1"]
[WhiteTeam "Netanya Shlakman"]
[BlackTeam "Tsafrir Rehovot"]
[WhiteTeamCountry "ISR"]
[BlackTeamCountry "ISR"]

1. d4 e6 2. e4 d5 3. exd5 exd5 4. Bd3 Nc6 5. c3 Bd6 6. Qf3 Nf6 7. Bg5 Be7 8. Nd2 0-0 9. h3 Ne4 10. Nxe4 Bxg5 11. Nxg5 Qxg5 1/2-1/2

[Event "ISR-chT"]
[Site "Israel"]
[Date "2018.01.05"]
[Round "1.2"]
[White "Baron, Tal"]
[Black "Psakhis, Lev"]
[Result "1/2-1/2"]
[WhiteElo "2548"]
[BlackElo "2475"]
[PlyCount "32"]
[EventDate "2018.01.05"]
[EventType "team-tourn"]
[EventRounds "11"]
[EventCountry "ISR"]
[SourceTitle "CBM 182 Extra"]
[Source "ChessBase"]
[SourceDate "2018.02.23"]
[SourceVersion "1"]
[SourceVersionDate "2018.02.23"]
[SourceQuality "1"]
[WhiteTeam "Rishon Le Zion Feldklein"]
[BlackTeam "Tsafrir Rehovot"]
[WhiteTeamCountry "ISR"]
[BlackTeamCountry "ISR"]

1. d4 e6 2. c4 Nf6 3. Nc3 Bb4 4. g3 c5 5. Nf3 cxd4 6. Nxd4 0-0 7. Bg2 d5 8. cxd5 Nxd5 9. Qb3 Qb6 10. e4 Nxc3 11. bxc3 Ba5 12. Bd2 Nc6 13. Qxb6 Bxb6 14. Nxc6 bxc6 15. 0-0 e5 16. Rfb1 Be6 1/2-1/2

[Event "ISR-chT"]
[Site "Israel"]
[Date "2007.04.28"]
[Round "10.3"]
[White "Psakhis, Lev"]
[Black "Kustanovich, Michael"]
[Result "1/2-1/2"]
[WhiteElo "2557"]
[BlackElo "2252"]
[PlyCount "60"]
[EventDate "2007.01.11"]
[EventType "team-tourn"]
[EventRounds "11"]
[EventCountry "ISR"]
[SourceTitle "EXT 2009"]
[Source "ChessBase"]
[SourceDate "2008.11.26"]
[SourceVersion "1"]
[SourceVersionDate "2008.11.26"]
[SourceQuality "1"]
[WhiteTeam "Rishon Le Zion Feldklein"]
[BlackTeam "Beer Sheva VI"]
[WhiteTeamCountry "ISR"]
[BlackTeamCountry "ISR"]

1. Nf3 d5 2. g3 Nf6 3. Bg2 Nbd7 4. d4 c5 5. c4 dxc4 6. Na3 cxd4 7. Nxc4 e5 8. Bd2 Bc5 9. Nfxe5 Nxe5 10. Nxe5 0-0 11. 0-0 Re8 12. Nd3 Bb6 13. Bg5 h6 14. Bxf6 Qxf6 15. Re1 Rb8 16. a4 a6 17. a5 Ba7 18. Rc1 Qd8 19. b4 Bd7 20. Qd2 Bb5 21. Qf4 Re7 22. Bf3 Qe8 23. Qd2 Qd7 24. Rc2 Rbe8 25. Rec1 b6 26. axb6 Bxb6 27. h4 Qf5 28. Kg2 Ba4 29. Rc4 Bb5 30. R4c2 Ba4 1/2-1/2

[Event "ISR-chT"]
[Site "Israel"]
[Date "2007.04.27"]
[Round "9.3"]
[White "Tseitlin, Mark D"]
[Black "Psakhis, Lev"]
[Result "1/2-1/2"]
[WhiteElo "2491"]
[BlackElo "2557"]
[PlyCount "43"]
[EventDate "2007.01.11"]
[EventType "team-tourn"]
[EventRounds "11"]
[EventCountry "ISR"]
[SourceTitle "EXT 2009"]
[Source "ChessBase"]
[SourceDate "2008.11.26"]
[SourceVersion "1"]
[SourceVersionDate "2008.11.26"]
[SourceQuality "1"]
[WhiteTeam "Beer Sheva II"]
[BlackTeam "Rishon Le Zion Feldklein"]
[WhiteTeamCountry "ISR"]
[BlackTeamCountry "ISR"]

1. e4 c5 2. Nf3 e6 3. Nc3 a6 4. d4 cxd4 5. Nxd4 d6 6. a4 Nc6 7. Be2 Nf6 8. 0-0 Be7 9. Be3 0-0 10. f4 Qc7 11. Qe1 Nxd4 12. Bxd4 e5 13. Be3 exf4 14. Rxf4 Be6 15. Qg3 Nd7 16. Bd4 Ne5 17. Bd3 Qd8 18. Nd5 Bg5 19. Rff1 Bh4 20. Qe3 Bg5 21. Qg3 Bh4 22. Qe3 1/2-1/2

[Event "San Marino op 2nd"]
[Site "San Marino"]
[Date "2006.06.10"]
[Round "8"]
[White "Psakhis, Lev"]
[Black "Brandenburg, Daan"]
[Result "1-0"]
[WhiteElo "2551"]
[BlackElo "2376"]
[PlyCount "57"]
[EventDate "2006.06.03"]
[EventType "swiss"]
[EventRounds "9"]
[EventCountry "SMR"]
[SourceTitle "CBM 112 Extra"]
[Source "ChessBase"]
[SourceDate "2006.07.14"]
[SourceVersion "1"]
[SourceVersionDate "2006.07.14"]
[SourceQuality "1"]

1. d4 Nf6 2. c4 g6 3. Nc3 Bg7 4. e4 d6 5. f3 0-0 6. Be3 Nbd7 7. Nh3 a6 8. Nf2 c6 9. c5 a5 10. Be2 b6 11. cxd6 exd6 12. 0-0 Bb7 13. a4 h6 14. Qd2 Kh7 15. f4 Ne8 16. Bd3 d5 17. f5 c5 18. Nxd5 cxd4 19. Bf4 Nc5 20. Ng4 Bxd5 21. exd5 Nxd3 22. Qxd3 Qxd5 23. Bxh6 Rh8 24. Bxg7 Kxg7 25. Rae1 Qd6 26. fxg6 fxg6 27. Re4 Rd8 28. Rfe1 Rf8 29. Re6 1-0

[Event "Cappelle op 22nd"]
[Site "Cappelle la Grande"]
[Date "2006.02.24"]
[Round "8"]
[White "Psakhis, Lev"]
[Black "Leon Hoyos, Manuel"]
[Result "1-0"]
[WhiteElo "2534"]
[BlackElo "2428"]
[PlyCount "79"]
[EventDate "2006.02.18"]
[EventType "swiss"]
[EventRounds "10"]
[EventCountry "FRA"]
[SourceTitle "CBM 110 Extra"]
[Source "ChessBase"]
[SourceDate "2006.03.10"]
[SourceVersion "2"]
[SourceVersionDate "2006.03.10"]
[SourceQuality "1"]

1. d4 d6 2. Nf3 Bg4 3. c4 Nd7 4. g3 Bxf3 5. exf3 g6 6. Nc3 Bg7 7. Be3 c5 8. d5 Ngf6 9. Bh3 a6 10. a4 Qb6 11. b3 Ne5 12. 0-0 h5 13. Bd2 Nfd7 14. f4 Ng4 15. a5 Qc7 16. Bxg4 hxg4 17. Qxg4 Nf6 18. Qf3 Qd7 19. h4 Qf5 20. Kg2 0-0-0 21. Rae1 Rhe8 22. Na4 e6 23. Bc3 Kb8 24. Nb6 Re7 25. b4 cxb4 26. Bxb4 Rc7 27. Bc3 Rc5 28. Rb1 e5 29. fxe5 Qxf3+ 30. Kxf3 Nxd5 31. Nxd5 dxe5 32. Bb4 Rxc4 33. Ne3 e4+ 34. Kg2 Rc6 35. Rfc1 Rxc1 36. Rxc1 Rd3 37. Bc5 f5 38. Bb6 Bc3 39. h5 gxh5 40. Nxf5 1-0

[Event "Cappelle op 22nd"]
[Site "Cappelle la Grande"]
[Date "2006.02.22"]
[Round "6"]
[White "Psakhis, Lev"]
[Black "Khmelniker, Ilya"]
[Result "1-0"]
[WhiteElo "2534"]
[BlackElo "2430"]
[PlyCount "57"]
[EventDate "2006.02.18"]
[EventType "swiss"]
[EventRounds "10"]
[EventCountry "FRA"]
[SourceTitle "CBM 110 Extra"]
[Source "ChessBase"]
[SourceDate "2006.03.10"]
[SourceVersion "2"]
[SourceVersionDate "2006.03.10"]
[SourceQuality "1"]

1. c4 Nf6 2. Nf3 g6 3. Nc3 d5 4. Qa4+ Bd7 5. Qb3 dxc4 6. Qxc4 a6 7. d4 b5 8. Qb3 Bg7 9. e4 0-0 10. e5 Be6 11. exf6 Bxb3 12. fxg7 Kxg7 13. axb3 Nc6 14. Be3 Nb4 15. Rc1 Qd7 16. Be2 Qe6 17. d5 Nxd5 18. Nd4 Qd6 19. Nxd5 Qxd5 20. Bf3 Qd6 21. Bxa8 Rxa8 22. 0-0 Kg8 23. Nc6 e5 24. b4 Re8 25. Rfd1 Qe6 26. h3 Qb3 27. Bh6 Qe6 28. Rc5 f6 29. Nd8 1-0

[Event "Moscow Aeroflot op-B"]
[Site "Moscow"]
[Date "2006.02.12"]
[Round "6"]
[White "Psakhis, Lev"]
[Black "Yandemirov, Valeri"]
[Result "1-0"]
[WhiteElo "2551"]
[BlackElo "2520"]
[PlyCount "74"]
[EventDate "2006.02.07"]
[EventType "swiss"]
[EventRounds "9"]
[EventCountry "RUS"]
[SourceTitle "EXT 2007"]
[Source "ChessBase"]
[SourceDate "2006.11.23"]
[SourceVersion "1"]
[SourceVersionDate "2006.11.23"]
[SourceQuality "1"]

1. Nf3 Nf6 2. c4 g6 3. Nc3 d5 4. Qa4+ Bd7 5. Qb3 dxc4 6. Qxc4 Bg7 7. e4 0-0 8. e5 Ne8 9. d4 c6 10. Qb3 b6 11. Be3 Nc7 12. Bc4 Be6 13. Bxe6 Nxe6 14. 0-0 Qd7 15. Rac1 Na6 16. Qc4 Nac7 17. Ne2 Nd8 18. Nf4 Re8 19. Qa4 Nd5 20. Nxd5 Qxd5 21. Rc3 a5 22. a3 Ra7 23. Rfc1 Rd7 24. Qc2 Qb5 25. a4 Qd5 26. h4 Qe6 27. Qb3 Qxb3 28. Rxb3 Rb7 29. Nd2 b5 30. axb5 cxb5 31. Rc5 Ne6 32. Rcxb5 Rxb5 33. Rxb5 Nc7 34. Rxa5 Rb8 35. d5 h6 36. Bd4 Rd8 37. Bb6 Rxd5 1-0

[Event "Moscow Aeroflot op-B"]
[Site "Moscow"]
[Date "2006.02.08"]
[Round "2"]
[White "Psakhis, Lev"]
[Black "Stefanova, Antoaneta"]
[Result "1/2-1/2"]
[WhiteElo "2551"]
[BlackElo "2502"]
[PlyCount "23"]
[EventDate "2006.02.07"]
[EventType "swiss"]
[EventRounds "9"]
[EventCountry "RUS"]
[SourceTitle "EXT 2007"]
[Source "ChessBase"]
[SourceDate "2006.11.23"]
[SourceVersion "1"]
[SourceVersionDate "2006.11.23"]
[SourceQuality "1"]

1. c4 Nf6 2. Nc3 e5 3. g3 d5 4. cxd5 Nxd5 5. Bg2 Nb6 6. a3 Nc6 7. b4 Be6 8. Rb1 f6 9. d3 Be7 10. Nf3 0-0 11. 0-0 a5 12. b5 1/2-1/2

[Event "EU-ch Internet Gr-F 3rd"]
[Site "Playchess.com INT"]
[Date "2006.01.22"]
[Round "1.1"]
[White "Psakhis, Lev"]
[Black "Drozdovskij, Yuri"]
[Result "1/2-1/2"]
[WhiteElo "2534"]
[BlackElo "2509"]
[PlyCount "209"]
[EventDate "2006.01.22"]
[EventType "tourn (blitz)"]
[EventRounds "12"]
[EventCountry "GER"]
[SourceTitle "EXT 2007"]
[Source "ChessBase"]
[SourceDate "2006.11.23"]
[SourceVersion "1"]
[SourceVersionDate "2006.11.23"]
[SourceQuality "1"]

1. e4 e6 2. d3 d5 3. Qe2 Nf6 4. Nf3 Be7 5. g3 b5 6. exd5 Nxd5 7. Bg2 Bb7 8. 0-0 Nd7 9. c4 bxc4 10. dxc4 N5f6 11. Rd1 Qc8 12. Nc3 0-0 13. Bf4 a6 14. b3 c5 15. Rd2 Bc6 16. Ne5 Nxe5 17. Bxe5 Bxg2 18. Kxg2 Nd7 19. Bd6 Bf6 20. Qf3 Re8 21. Rad1 Bd4 22. Ne2 e5 23. Nxd4 cxd4 24. c5 e4 25. Qf5 d3 26. f3 g6 27. Qf4 Nxc5 28. Bxc5 Qxc5 29. fxe4 Qc6 30. Rxd3 Rxe4 31. Qf3 Re2+ 32. Kf1 Qxf3+ 33. Rxf3 Rxa2 34. Rf2 Rxf2+ 35. Kxf2 Rb8 36. Rd6 a5 37. Rd5 Rxb3 38. Rxa5 Rb2+ 39. Kg1 h5 40. h4 Kg7 41. Rc5 Kf6 42. Rd5 Ke6 43. Ra5 Rd2 44. Rc5 Rd5 45. Rc4 Rd2 46. Rc5 Kd6 47. Ra5 Rc2 48. Kf1 Ke6 49. Kg1 Re2 50. Kf1 Re5 51. Ra7 Re3 52. Kg2 Rb3 53. Ra6+ Kf5 54. Ra5+ Kf6 55. Ra6+ Kg7 56. Ra7 Re3 57. Rb7 Kf6 58. Rb6+ Kf5 59. Rb7 f6 60. Rb5+ Re5 61. Rb4 Re4 62. Rb6 Rc4 63. Kh3 Rc5 64. Rb1 Rc4 65. Rf1+ Ke5 66. Re1+ Re4 67. Ra1 Kf5 68. Rf1+ Ke6 69. Rc1 g5 70. hxg5 fxg5 71. Ra1 Kf5 72. Ra5+ Re5 73. Ra4 Re3 74. Ra5+ Kf6 75. Ra6+ Kf5 76. Ra5+ Re5 77. Ra4 Rd5 78. Rb4 Rd2 79. Rb5+ Kf6 80. Rb6+ Ke5 81. Rb5+ Rd5 82. Rb2 Kf5 83. g4+ hxg4+ 84. Kg3 Rd3+ 85. Kg2 g3 86. Rb4 Re3 87. Ra4 Kg6 88. Rb4 Kh5 89. Ra4 Rc3 90. Rb4 Kg6 91. Ra4 Kf5 92. Rb4 Re3 93. Ra4 Kg6 94. Rb4 Kh5 95. Ra4 Rd3 96. Rb4 g4 97. Rb8 Kg5 98. Rg8+ Kf4 99. Rf8+ Ke4 100. Re8+ Kf5 101. Rf8+ Ke5 102. Rg8 Kf5 103. Rf8+ Ke5 104. Rg8 Kf5 105. Rf8+ 1/2-1/2

[Event "EU-ch Internet Gr-F 3rd"]
[Site "Playchess.com INT"]
[Date "2006.01.22"]
[Round "1.1"]
[White "Psakhis, Lev"]
[Black "Sutovsky, Emil"]
[Result "1/2-1/2"]
[WhiteElo "2534"]
[BlackElo "2624"]
[PlyCount "55"]
[EventDate "2006.01.22"]
[EventType "tourn (blitz)"]
[EventRounds "12"]
[EventCountry "GER"]
[SourceTitle "EXT 2007"]
[Source "ChessBase"]
[SourceDate "2006.11.23"]
[SourceVersion "1"]
[SourceVersionDate "2006.11.23"]
[SourceQuality "1"]

1. e4 c5 2. Nf3 d6 3. Bb5+ Bd7 4. Bxd7+ Qxd7 5. 0-0 Nf6 6. Qe2 Nc6 7. c3 e6 8. d4 cxd4 9. cxd4 d5 10. e5 Ne4 11. Be3 Be7 12. Ne1 f5 13. f3 Ng5 14. Nd3 0-0 15. Nc3 Rfc8 16. h4 Nf7 17. Bf2 Na5 18. g4 fxg4 19. fxg4 Rf8 20. g5 Nh8 21. Bg3 Nc6 22. Qe3 Rxf1+ 23. Rxf1 Rf8 24. Rxf8+ Bxf8 25. Nf4 Ne7 26. Bf2 Nf5 27. Qd3 Ng6 28. Ng2 1/2-1/2

[Event "Benasque champions 25 ann"]
[Site "Benasque"]
[Date "2005.07.12"]
[Round "7"]
[White "Psakhis, Lev"]
[Black "Delchev, Aleksander"]
[Result "1/2-1/2"]
[WhiteElo "2542"]
[BlackElo "2656"]
[PlyCount "42"]
[EventDate "2005.07.06"]
[EventType "tourn"]
[EventRounds "9"]
[EventCountry "ESP"]
[EventCategory "11"]
[SourceTitle "CBM 108"]
[Source "ChessBase"]
[SourceDate "2005.09.26"]
[SourceVersion "1"]
[SourceVersionDate "2005.09.26"]
[SourceQuality "1"]

1. d4 Nf6 2. c4 e6 3. g3 d5 4. Bg2 dxc4 5. Qa4+ c6 6. Qxc4 b5 7. Qd3 Bb7 8. Nf3 Nbd7 9. Bg5 a6 10. Bxf6 Nxf6 11. a4 Be7 12. 0-0 0-0 13. Nbd2 Qb6 14. Nb3 Nd7 15. Rfc1 c5 16. axb5 axb5 17. Rxa8 Bxa8 18. dxc5 Nxc5 19. Qe3 Na4 20. Qxb6 Nxb6 21. Nfd4 Bf6 1/2-1/2

[Event "Benasque champions 25 ann"]
[Site "Benasque"]
[Date "2005.07.10"]
[Round "5"]
[White "Psakhis, Lev"]
[Black "Rivas Pastor, Manuel"]
[Result "1/2-1/2"]
[WhiteElo "2542"]
[BlackElo "2445"]
[PlyCount "82"]
[EventDate "2005.07.06"]
[EventType "tourn"]
[EventRounds "9"]
[EventCountry "ESP"]
[EventCategory "11"]
[SourceTitle "CBM 108"]
[Source "ChessBase"]
[SourceDate "2005.09.26"]
[SourceVersion "1"]
[SourceVersionDate "2005.09.26"]
[SourceQuality "1"]

1. d4 d6 2. Nf3 Bg4 3. c4 Bxf3 4. exf3 g6 5. g3 Bg7 6. Nc3 c6 7. d5 Nd7 8. Bg2 cxd5 9. cxd5 Ngf6 10. 0-0 0-0 11. f4 Nc5 12. Be3 a5 13. Rc1 Nfd7 14. f5 Ne5 15. fxg6 hxg6 16. Qe2 Qd7 17. Rfd1 Rac8 18. h3 f5 19. f4 Nf7 20. Bf2 Rfe8 21. Bf3 Kh7 22. Nb5 e5 23. dxe6 Rxe6 24. Qc4 b6 25. Bd5 Re4 26. Bxe4 fxe4 27. a4 e3 28. Bxe3 Qxh3 29. Bf2 Nh6 30. Qd5 Ng4 31. Bxc5 Qh2+ 32. Kf1 Rxc5 33. Qf3 Rxc1 34. Rxc1 Qxb2 35. Qxg4 Qxc1+ 36. Ke2 Qc2+ 37. Ke3 Qb3+ 38. Ke2 Qc4+ 39. Ke3 Qc5+ 40. Ke2 Qc4+ 41. Ke3 Qc5+ 1/2-1/2

[Event "Benasque champions 25 ann"]
[Site "Benasque"]
[Date "2005.07.09"]
[Round "4"]
[White "Komljenovic, Davorin"]
[Black "Psakhis, Lev"]
[Result "0-1"]
[WhiteElo "2473"]
[BlackElo "2542"]
[PlyCount "76"]
[EventDate "2005.07.06"]
[EventType "tourn"]
[EventRounds "9"]
[EventCountry "ESP"]
[EventCategory "11"]
[SourceTitle "CBM 108"]
[Source "ChessBase"]
[SourceDate "2005.09.26"]
[SourceVersion "1"]
[SourceVersionDate "2005.09.26"]
[SourceQuality "1"]

1. d4 Nf6 2. c4 e6 3. Nc3 Bb4 4. Qc2 0-0 5. a3 Bxc3+ 6. Qxc3 d6 7. g3 Re8 8. Bg2 e5 9. Nf3 Qe7 10. 0-0 c5 11. d5 h6 12. b4 b6 13. Bb2 Bf5 14. Nh4 Bh7 15. Bh3 Nbd7 16. f3 cxb4 17. axb4 b5 18. e4 Rec8 19. Ra6 Rxc4 20. Qb3 Nb6 21. Rfa1 Qc7 22. Bf1 g5 23. Ng2 g4 24. Bxc4 Nxc4 25. Bc1 Kg7 26. Ne3 gxf3 27. Nxc4 Qxc4 28. Qxc4 bxc4 29. Rxd6 Bxe4 30. Bxh6+ Kxh6 31. Rxf6+ Kg7 32. Rd6 c3 33. Kf2 Rb8 34. Ke3 Rxb4 35. Rxa7 c2 36. Rc7 Rb2 37. Rdd7 c1Q+ 38. Rxc1 Re2# 0-1

[Event "Benasque champions 25 ann"]
[Site "Benasque"]
[Date "2005.07.08"]
[Round "3"]
[White "Psakhis, Lev"]
[Black "Suba, Mihai"]
[Result "1/2-1/2"]
[WhiteElo "2542"]
[BlackElo "2520"]
[PlyCount "25"]
[EventDate "2005.07.06"]
[EventType "tourn"]
[EventRounds "9"]
[EventCountry "ESP"]
[EventCategory "11"]
[SourceTitle "CBM 108"]
[Source "ChessBase"]
[SourceDate "2005.09.26"]
[SourceVersion "1"]
[SourceVersionDate "2005.09.26"]
[SourceQuality "1"]

1. d4 Nf6 2. c4 e6 3. Nc3 Bb4 4. Qc2 d5 5. cxd5 Qxd5 6. Nf3 Qf5 7. Qxf5 exf5 8. a3 Be7 9. Bf4 c6 10. e3 Be6 11. Nd2 0-0 12. Nc4 Nd5 13. Bd6 1/2-1/2